Emerging China: Prospects for partnership in Asia (Record no. 170949)

MARC details
000 -LEADER
fixed length control field 00384nam a2200145Ia 4500
008 - FIXED-LENGTH DATA ELEMENTS--GENERAL INFORMATION
fixed length control field 230917s9999||||xx |||||||||||||| ||und||
040 ## - CATALOGING SOURCE
-- 201472
Original cataloging agency VIVEKANANDA LIBRARY
041 ## - Language
-- English
082 ## - DDC NUMBER
Classification number 327.51 D491E
100 ## - MAIN ENTRY--PERSONAL NAME
Personal name Devare, Sudhir T, ed.
245 #0 - TITLE STATEMENT
Title Emerging China: Prospects for partnership in Asia
260 ## - PUBLICATION, DISTRIBUTION, ETC. (IMPRINT)
Place of publication, distribution, etc London
Name of publisher, distributor, etc Routledge
Date of publication, distribution, etc 2012
300 ## - PHYSICAL DESCRIPTION
Pages xxii, 413 p.
942 ## - ADDED ENTRY ELEMENTS (KOHA)
Koha item type Books
Holdings
Withdrawn status Lost status Damaged status Not for loan Location (home branch) Sublocation or collection (holding branch) Date acquired Koha issues (times borrowed) Koha full call number Accession No. Koha date last seen Koha item type
        VIVEKANANDA LIBRARY VIVEKANANDA LIBRARY 09/08/2012   327.51 D491E 318992 17/09/2023 Books
        VIVEKANANDA LIBRARY VIVEKANANDA LIBRARY 09/08/2012   327.51 D491E 319719 17/09/2023 Books
© Designed and Maintained by Vivekananda Library, MDU Rohtak